000 00790nas a2200241 4500
001 BR0704524
003 BR-BrBNA
005 20231205111123.0
007 ta
008 230509b bl.|||p| |||| 00| 00por d
040 _aBR-BrBNA
_bpor
_cBiblioteca Nacional de Agricultura
041 _a(En)
072 _aH10
100 1 _aLara, F.M.
100 1 _aTanzini, M.R.
245 1 _aNão-preferência do percevejo-de-renda Leptopharsa heveae drake poor (Heteroptera :Tingidae)por clones de seringueira
650 _aINSETO
650 _aSERINGUEIRA
650 _aRESISTÊNCIA GENÉTICA
773 0 _tAnais da Sociedade Entomológica do Brasil (Brazil)
_xISSN 0301-8059
_g(Dec 1997), v. 26(3) p. 429-434
_wBR0704524
909 _a202311
_bLúcia
_c55
_dLúcia Elande
942 _2AGRIS
_n0
_cANA
999 _c190773
_d190773